| 000 | 00778nam a2200265 a 4500 | ||
|---|---|---|---|
| 001 | 484 | ||
| 003 | BR-CuiBMT | ||
| 005 | 20231107220418.0 | ||
| 008 | 231107s1999 spb 000 0 por d | ||
| 020 | _a8520317286 | ||
| 040 |
_aBR-CuiBMT _cBR-CuiBMT |
||
| 080 |
_22007 _a34:336.2 |
||
| 090 |
_a34:336.2 _bO48m _c3. ed. |
||
| 100 | 1 |
_aOliveira, Regis Fernandes de, _d1944- |
|
| 245 | 0 |
_aManual de direito financeiro / _cRégis Fernandes de Oliveira, Estevão Horvath. |
|
| 250 | _a3. ed., rev. e ampl. | ||
| 260 |
_aSão Paulo : _bRevista dos tribunais, _c1999. |
||
| 300 |
_a150 p.: _c22 cm |
||
| 504 | _aInclui bibliografia. | ||
| 650 | _aDireito financeiro | ||
| 650 | _aFinança pública | ||
| 650 | _aOrçamentário | ||
| 700 | _aHorvath, Estevão | ||
| 942 |
_2udc _cLV |
||
| 999 |
_c484 _d484 |
||